| 000 | 00657nam a2200205 i 4500 | ||
|---|---|---|---|
| 001 | 49687 | ||
| 003 | ES-MaACL | ||
| 005 | 20230906162038.0 | ||
| 007 | t| | ||
| 008 | 030721s1958 sp ||||1| spa d | ||
| 100 | 1 |
_aCoudenhove-Kalergi, Richard. _941221 |
|
| 245 | 1 | 0 |
_aDe la guerra permanente a la paz universal / _cConde Richard de Coudenhove-Kalergi ; [traducción de J.F. Yáñez]. |
| 260 |
_aBarcelona : _bHispano Europea, _c[1958] ( _fSimpar) |
||
| 300 |
_a263 p. ; _c21 cm. |
||
| 490 | 1 | _aGalileo | |
| 700 | 1 |
_aFernández-Yáñez, Julio. _950195 |
|
| 830 | 0 |
_aGalileo _9182278 |
|
| 852 |
_aES-MaACL _jC-14857 _bR.42765 |
||
| 999 |
_c49687 _d49687 |
||